00285pab a2200121 454500008004000000100001500040245004600055260000900101300000800110362001100118650002000129773001400149180718b1995 xxu||||| |||| 00| 0 eng d aSelvam, S. aSocial reformsbthe relevance of Periyar. c1995 ap.8 a28 Nov aSocial problems aStatesman